| 000 | 00746pam a2200241 a 4500 | ||
|---|---|---|---|
| 001 | 000015754 | ||
| 005 | 20200929164137.0 | ||
| 008 | 880511s1988 nyu b 001 0beng d | ||
| 020 | _a0525247238 | ||
| 040 |
_aDO-SdBNP _cDLC _dDLC _dBNPHU |
||
| 043 | _an-us-ny | ||
| 082 |
_a070.5092 _bW589 |
||
| 100 | 1 |
_aWhited, Charles, _935447 |
|
| 245 | 1 | 0 |
_aKnight : _ba publisher in the tumultuous century / _cCharles Whited. |
| 260 |
_aNew York : _bE. P. Dutton, _c1988. |
||
| 300 |
_aviii, 405 p. ; _c24 cm. |
||
| 504 | _aBibliography: p. 385-387. | ||
| 500 | _aIncludes index. | ||
| 600 | 1 | 0 |
_aKNIGHT, JOHN SHIVELY, _d1894-1981. _935448 |
| 650 | 4 |
_aEditores _zEstados Unidos _xBiografía. _935449 |
|
| 910 | _aCatalogación derivada | ||
| 049 | _aBNGR | ||
| 999 |
_c15304 _d15304 |
||